Normal view
MARC view
- DR. Parvez Akhtar
Entry Personal Name
001 - CONTROL NUMBER
- control field: 29068
003 - CONTROL NUMBER IDENTIFIER
- control field: NUST
005 - DATE AND TIME OF LATEST TRANSACTION
- control field: 20200318143407.0
008 - FIXED-LENGTH DATA ELEMENTS
- fixed length control field: 200318|| aca||aabn | a|a d
040 ## - CATALOGING SOURCE
- Original cataloging agency: NUST
- Transcribing agency: NUST
100 ## - HEADING--PERSONAL NAME
- Personal name: DR. Parvez Akhtar
670 ## - SOURCE DATA FOUND
- Source citation: Work cat.: (NUST): Mahmood, Mariam 29067, Modelling, Simulation and Fabrication of a Hybrid Solar Dryer for the Drying of Medicinal and Aromatic Plants (MAPs):, 2014.
